000 00934nac a22002777a 4500
001 BR9801772
003 BR-BrBNA
005 20240105122114.0
008 230509b bl.|||m| |||| 00| 0 por d
040 _aBR-BrBNA
_bpor
_cBiblioteca Nacional de Agricultura
072 _aQ80
090 _a1440 BR9801772
100 1 _aMiranda, R. de M.
100 1 _aCardoso, M.O.
100 1 _aFalcao, P. de T.
110 1 _aCentro de Pesquisa Agroflorestal da Amazonia Ocidental, Manaus, AM (Brasil)
245 1 _aIndustrializacao do feijao-de-metro (Vigna unguinculata (L.)Walp.)
260 3 _aManaus, AM (Brasil):
_c1997.
300 _a2 p.
490 _aPesquisa em Andamento - Centro de Pesquisa Agroflorestal da Amazonia Ocidental (Brazil)
_vno. 29
_xISSN 1414-9079
650 _aFeijao de Corda
650 _aIndustria Caseira
650 _aCoccao
909 _a202312
_bLúcia Elande
_c55
_dLúcia Elande
942 _2AGRIS
_n0
_cMS
999 _c289223
_d289223